|
|
|
|
| LEADER |
00797nam a22002412a 4500 |
| 001 |
001645152 |
| 003 |
CZ BrMZK |
| 005 |
20180831093545.0 |
| 007 |
ta |
| 008 |
180831s1958 it er|||||||||||ita d |
| 040 |
|
|
|a BOA001
|b cze
|e aacr2
|
| 041 |
0 |
|
|a ita
|b eng
|
| 100 |
1 |
|
|a Rossi, Lucia
|4 aut
|
| 245 |
1 |
0 |
|a Madreporarii raccolti dalla N.R.P. "Faial" durante la campagna 1957 presso le coste del Portogallo /
|c Lucia Rossi
|
| 260 |
|
|
|a Genova :
|b Museo civico di storia naturale,
|c 1958
|
| 300 |
|
|
|a 9 s.
|
| 504 |
|
|
|a Obsahuje bibliografii
|
| 546 |
|
|
|a Anglické resumé
|
| 772 |
0 |
8 |
|i Separát ze seriálu:
|t Doriana,
|g vol. 2, no. 86
|
| 910 |
|
|
|a BOA001
|b X-0471.932
|
| 990 |
|
|
|a BK
|
| 991 |
|
|
|b 201808
|
| 996 |
7 |
|
|b 2618955237
|c X-0471.932
|l MZK
|r Sklad / do 24 hodin
|n 0
|w 001681141
|u 000010
|a 1
|e BOA001
|j MZK50
|s A
|